Journal Languages of Teaching Linguistic & Literature, volume 11 Volume 11

שמור ב:
מידע ביבליוגרפי
מחבר ראשי: Koo Yew Lie
פורמט: ספר
שפה:English
יצא לאור: Universiti Kebangsaan Malaysia 2006
נושאים:
תגים: הוספת תג
אין תגיות, היה/י הראשונ/ה לתייג את הרשומה!
Thư viện lưu trữ: Mạng thư viện Đại học Đà Nẵng
LEADER 00935nam a22002531a 4500
001 000034632
003 10837
005 20151027134057.0
008 151027s2006 000 eng
041 |a eng 
082 |a 428  |b KO-L  |2 Volume 11 
100 |a Koo Yew Lie 
245 |a Journal Languages of Teaching Linguistic & Literature, volume 11  |c Koo Yew Lie  |n Volume 11 
260 |a Universiti Kebangsaan Malaysia  |c 2006 
300 |a 214tr. : mh ; 25cm 
650 |a 2006, Journal Languages, Journal, Languages, volume 11, 11, Koo Yew Lie 
OWN |a LNN 
AVA |a UDN50  |b LNN  |d 428 KO-L  |e available  |t Error 5001 Not defined in file expand_doc_bib_avail.  |f 1  |g 0  |h N  |i 0  |k 1 
999 |a From the UDN01 
AVA |a UDN50  |b LNN  |d 428 KO-L  |e available  |t Error 5001 Not defined in file expand_doc_bib_avail.  |f 1  |g 0  |h N  |i 0  |k 1 
TYP |a Monograph 
980 |a Mạng thư viện Đại học Đà Nẵng